| 000 | 00462nam a2200169Ia 4500 | ||
|---|---|---|---|
| 999 |
_c271 _d271 |
||
| 003 | OSt | ||
| 005 | 20210909141553.0 | ||
| 008 | 190216s9999||||xx |||||||||||||| ||und|| | ||
| 040 | _coclc | ||
| 082 |
_a297 _bFAR/J |
||
| 100 |
_aFaraj, Sainudheen Abul _98826 |
||
| 245 | 0 |
_aJamiul Uloomi Val Hikam / _cSainudheen Abul Faraj |
|
| 260 | _bAl Hind Book Stals, | ||
| 300 | _a397p | ||
| 650 | _aArabic | ||
| 942 |
_cBK _2ddc _h297 _iFAR/J _k297 _mFAR/J |
||